000 00608cam a2200181 a 4500
020 _a0784401411
082 0 0 _a627.83
_bCRE
100 1 _aCreegan, Patrick J.
_946730
245 1 0 _aAsphalt-concrete water barriers for embankment dams /
_cPatrick J. Creegan & Carl L. Monismith.
260 _aNew York :
_bASCE Press,
_cc1996.
300 _axiii, 169 p. :
_bill., maps ;
_c23 cm.
526 _a0
_b0
_c0
_d627_830000000000000_CRE
650 0 _aAsphalt concrete.
_913617
650 0 _aEarth dams
_xDesign and construction.
_946731
650 0 _aMCE
_9379
700 1 _aMonismith, Carl L.
_921620
942 _2ddc
_cBK
999 _c549987
_d549987